Statistics for Famous Generals - Non U.S.

Click here to take the quiz!

General Stats

  • This quiz has been taken 4,760 times
  • The average score is 13 of 20

Answer Stats

When Hint Answer % Correct
early 1800sFrenchman who conquered much of EuropeNapoleon Bonaparte
95%
circa 330 B.C.Greek conqueror of PersiaAlexander the Great
94%
Second Punic WarFamously led his elephants over the Alps to attack RomeHannibal
91%
early 1200sKhan who conquered Central AsiaGenghis Khan
91%
circa 50 B.C.Roman who conquered GaulJulius Caesar
86%
400sKnown as the "Scourge of God" this Hun briefly
ruled over Central Europe
Attila the Hun
86%
early 1800sBritish admiral who died at the Battle of TrafalgarHoratio Nelson
84%
WWIIGermany's "Desert Fox"Erwin Rommel
79%
c. 800Frankish King who built an empire spanning modern-day
France, Germany, and Italy
Charlemagne
78%
mid 1200sKhan who conquered ChinaKublai Khan
74%
English Civil WarKnown as "Old Ironsides" this Roundhead leader
would rule England for five years
Oliver Cromwell
67%
circa 500 B.C.Chinese author of "The Art of War"Sun Tzu
63%
early 1800sBritish commander who defeated the above at WaterlooDuke of Wellington
62%
WWIIBritish commander of D-Day ground forcesBernard Montgomery
49%
CrusadesSultan whose reconquest of Jerusalem prompted
the Third Crusade
Saladin
48%
WWITop German commander of WWI who was
President of Germany after the war
Paul von Hindenburg
41%
WWIIGeneral named "Hero of the Soviet Union" an
unprecedented four separate times
Georgy Zhukov
41%
Second Punic WarRoman who conquered Carthage{Scipio} Africanus
39%
WWIILeader of the Japanese NavyIsoroku Yamamoto
32%
500sByzantine general who reconquered Italy under
the emperor Justinian
Belisarius
15%

Score Distribution

Percentile by Number Answered

Percent of People with Each Score

Your Score History

You have not taken this quiz